Cómo responder a las preguntas sobre el sexo
Guardado en:
| Autor principal: | |
|---|---|
| Formato: | Libro |
| Lenguaje: | español |
| Publicado: |
Barcelona
Ceac
1984
|
| Colección: | Colección Educación y enseñanza. Aula Práctica
|
| Materias: | |
| Etiquetas: |
Agregar Etiqueta
Sin Etiquetas, Sea el primero en etiquetar este registro!
|
MARC
| LEADER | 00000nam a2200000 a 4500 | ||
|---|---|---|---|
| 001 | UCW3705 | ||
| 003 | CL-VaPUC | ||
| 008 | 881220e19840000SP |||||||||||||||||spa|d | ||
| 082 | 0 | 4 | |a 176 |b USL |2 21 |
| 100 | 0 | |a Uslander, Arlene S |e author |9 308048 | |
| 245 | 1 | 0 | |a Cómo responder a las preguntas sobre el sexo |
| 300 | |a 91 p | ||
| 942 | |c BK | ||
| 945 | |d 19881220 00:00:00 | ||
| 260 | |a Barcelona |b Ceac |c 1984 | ||
| 650 | 0 | |a Educación sexual |9 308005 | |
| 650 | 0 | |a Vida familiar |9 308049 | |
| 583 | |a last modification |c 20170726 05:36:38 |k Rodrigo Vera | ||
| 490 | 0 | |a Colección Educación y enseñanza. Aula Práctica | |
| 999 | |c 217619 |d 217617 | ||
| 952 | |0 0 |1 0 |4 0 |6 176_000000000000000_USL_1984 |7 0 |8 P |9 205564 |a BIBEDU |b BIBEDU |c BIBEDU_PB |d 2019-11-15 |i 2735172 |o 176 USL 1984 |p 2735172 |r 2024-01-25 |w 2019-11-15 |y BK |k EDU | ||
| 952 | |0 0 |1 0 |4 0 |6 176_000000000000000_USL_1984 |7 0 |8 P |9 205565 |a BIBEDU |b BIBEDU |c BIBEDU_PB |d 2019-11-15 |i 2735180 |o 176 USL 1984 |p 2735180 |r 2024-01-25 |w 2019-11-15 |y BK |k EDU | ||
| 952 | |0 0 |1 0 |4 0 |6 176_000000000000000_USL_1984 |7 0 |8 P |9 205566 |a BIBEDU |b BIBEDU |c BIBEDU_PB |d 2019-11-15 |i 2735199 |o 176 USL 1984 |p 2735199 |r 2024-01-25 |w 2019-11-15 |y BK |k EDU | ||